| 000 | 00637nam a22002537a 4500 | ||
|---|---|---|---|
| 003 | UA-OsUOA | ||
| 001 | 27257 | ||
| 007 | ta | ||
| 008 | 20040623b un ||||| |||| 00| 0 ukr d | ||
| 100 | _aВысоцкий С.А. | ||
| 090 |
_a7.03(477) _bП62 |
||
| 942 | _cBK | ||
| 040 |
_aUA-OsUOA _brus _cUA-OsUOA _dUA-OsUOA |
||
| 245 | _aСветские фрески софийского собора в Киеве | ||
| 300 | _a216 с. | ||
| 955 | _a0 | ||
| 041 | _arus | ||
| 080 | _a7.03(477) | ||
| 020 | _a5-12-000675-2 | ||
| 260 |
_aКиев _bНаукова Думка _c1989 |
||
| 044 | _aRU | ||
| 650 | 7 | _2UDC | |
| 999 |
_c313601 _d313601 |
||